Využitie jazyka Java vo finančnej matematike - úrokový a umorovací počet diplomová práca

Gespeichert in:
Bibliographische Detailangaben
1. Verfasser: Molnár, Martin
Körperschaft: Fakulta hospodárskej informatiky EU. Katedra matematiky a aktuárstva
Weitere Verfasser: Simonka, Zsolt, 1974-
Format: Buch
Sprache:Slowakisch
Veröffentlicht: Bratislava 2016
Tags: Tag hinzufügen
Keine Tags, Fügen Sie das erste Tag hinzu!

MARC

LEADER 00000nbm a2200000 4500
001 0219024
005 20170214150542.1
041 0 |a slo 
044 |a SK 
245 1 0 |a Využitie jazyka Java vo finančnej matematike - úrokový a umorovací počet  |b diplomová práca  |c Martin Molnár ; školiteľ: Zsolt Simonka 
264 1 |a Bratislava  |c 2016 
300 |a 56 s. 
100 1 |a Molnár, Martin 
700 1 |a Simonka, Zsolt, 1974- 
710 2 |a Fakulta hospodárskej informatiky EU. Katedra matematiky a aktuárstva